Cuentos de terror : Poe, Quiroga, Stoker y otros /
Guardado en:
| Autor Principal: | |
|---|---|
| Otros Autores: | , |
| Formato: | Libro |
| Idioma: | Undetermined |
| Publicado: |
Buenos Aires :
Kapelusz,
2011.
|
| Series: | Grandes obras de la literatura universal
|
| Materias: | |
| Etiquetas: |
Agregar Etiqueta
Sin Etiquetas, Sea el primero en etiquetar este registro!
|
| LEADER | 00975nam a22002175a 4500 | ||
|---|---|---|---|
| 001 | CEM.cems019690 | ||
| 008 | 221006s2011####ag############000#0#und#d | ||
| 005 | 20240815160242.0 | ||
| 245 | 1 | 0 | |a Cuentos de terror : |b Poe, Quiroga, Stoker y otros / |c John Polidori; colaboración Laura Sánchez ; ilustrado por Gabriel Molinari. |
| 260 | |a Buenos Aires : |b Kapelusz, |c 2011. | ||
| 300 | |a 175 p. ; |c 19 cm. | ||
| 490 | 1 | |a Grandes obras de la literatura universal | |
| 505 | 0 | |a El vampiro / John William Polidori -- El retrato oval / Edgard Allan Poe -- La casa del juez / Bram Stoker -- La catacumba nueva / Arthur Conan Doyle -- La pata de mono / William W. Jacobs -- El almohadón de plumas / Horacio Quiroga | |
| 020 | |a 9789501323405 | ||
| 100 | 1 | |a Polidori, John. | |
| 700 | 1 | |a Sánchez, Laura. | |
| 700 | 1 | |a Molinari, Gabriel. | |
| 082 | 0 | 4 | |a 808.8 |
| 653 | |a Cuentos de terror | ||
| 653 | |a Literatura Infantil | ||
| 859 | |a CEMS |b BIB. CEMS - Inicial y Primaria |h 808.8 |i P759 |k IP |p 5054 |t Ej.1 | ||
